00932nas a2200277 4500001001300000003000900013005001700022007000300039008003400042040005400076041000900130072000800139100001800147100002700165100002500192100002100217100001700238245017300255650002000428650001100448650002900459650002400488650002300512650001600535773010300551BR2013004611BR-BrBNA20231205122424.0ta230509b bl.|||p| |||| 00| 00por d aBR-BrBNAbporcBiblioteca Nacional de Agricultura a(Pt) aH201 aRodrigues, E.1 aSchwan-Estrada, K.R.F.1 aFiori-Tutida, A.C.G.1 aStangarlin, J.R.1 aCruz, M.E.S.1 aFungitoxicidade, atividade elicitora de fitoalexinas e proteção de alface em sistema de cultivo org ânico contra Sclerotinia sclerotiorum pelo extrato de gengibre aEXTRATO VEGETAL aALFACE aSCLEROTINIA SCLEROTIORUM aPODRIDÃO DA HASTE aDOENÇA DE PLANTA aFITOALEXINA0 tSumma Phytopathologica (Brazil)xISSN 0100-5405g(Apr-Jun 2007), v. 33(2) p. 124-128wBR2013004611